| 000 | 00908nam a22002177a 4500 | ||
|---|---|---|---|
| 003 | OSt | ||
| 005 | 20260323082413.0 | ||
| 008 | 260323b |||||||| |||| 00| 0 eng d | ||
| 020 | _a9781338116618 | ||
| 040 |
_aDWCL GS lib _cOC |
||
| 082 | _aF St857 2017 | ||
| 100 | _aStilton, Geronimo | ||
| 245 |
_aHeromice : _bInsect Invasion / _cGeronimo Stilton |
||
| 260 |
_aNew York _bScholastic _cc2017. |
||
| 300 |
_avii, 115 pages: _billustrations _c20cm. |
||
| 520 | _aIn Geronimo Stilton Heromice #9: Insect Invasion, a swarm of hungry insects is devouring everything in Muskrat City, damaging even the heroes' capes. Superstilton, Swiftpaw, and Lady Wonderwhiskers must uncover who is behind the invasion and stop the bugs from destroying the city in this fast-paced, 128-page adventure. | ||
| 546 | _aEnglish | ||
| 650 | _achildren's adventure | ||
| 650 | _aaction-fiction | ||
| 942 |
_2ddc _cFIC. _hFic. _n0 |
||
| 999 |
_c9270 _d9270 |
||